Statistics for Countries with Longest Maximum Distances to the Ocean

Click here to take the quiz!

General Stats

  • This quiz has been taken 159 times
  • The average score is 17 of 21

Answer Stats

Max Distance to Sea Country % Correct
2450Kazakhstan
98%
1900Uzbekistan
93%
2350Mongolia
92%
1700Chad
92%
1750Tajikistan
91%
2250Kyrgyzstan
89%
1600Turkmenistan
89%
1550Mali
85%
1800Central African Republic
85%
1800Democratic Republic of the Congo
82%
1500Niger
81%
2100Russia
79%
1650United States
79%
2500China
78%
1750South Sudan
76%
1500Brazil
75%
1500Afghanistan
74%
1700Sudan
69%
1550India
63%
1600Algeria
57%
1500Pakistan
55%

Score Distribution

Percentile by Number Answered

Percent of People with Each Score

Your Score History

You have not taken this quiz